000 00279nam a22001097a 4500
008 170113b xxu||||| |||| 00| 0 eng d
020 _a9780323022019
041 _aeng
080 _23RD
_a618.2
245 _aNURSING INTERVENTIONS & CLINICAL SKILLS
_cPERRY & POTTER
942 _2udc
_cBK
999 _c2874
_d2874